|
|
|
|
| LEADER |
00000nab a2200000 ar4500 |
| 001 |
vtls008418571 |
| 003 |
SK-MaSNL |
| 005 |
20260319071312.0 |
| 008 |
051214c2005 xo |||||||| |000 b|hun |
| 015 |
|
|
|a SNBRB2005/12
|2 snkbucl
|
| 038 |
|
|
|a SNKBUCL
|
| 040 |
|
|
|a DSZK
|b slo
|c DSZK
|e AACR2
|
| 041 |
0 |
|
|a slo
|
| 044 |
|
|
|a xo
|c SK
|
| 080 |
|
|
|a 373.3(437.615)(=511.141)
|2 UDC-MRF-SK2
|
| 245 |
0 |
0 |
|a Fontosak a jó kapcsolatok
|
| 300 |
|
|
|b Fotogr.
|
| 610 |
2 |
7 |
|a Základná škola s vyučovacím jazykom maďarským (Horná Potôň, Slovensko)
|2 snkbucl
|9 1066997
|
| 773 |
0 |
|
|t Tábortűz
|g Évf. 55, sz. 3 (2005), o. 8
|x 1335-6593
|
| 852 |
|
|
|a SNK
|b KIS3GCP
|
| 852 |
|
|
|a DSZK
|b KIS3GCP
|
| 958 |
|
|
|a HU
|
| 958 |
|
|
|a SK
|
| 999 |
|
|
|c 1753746
|d 1755676
|